Riconosci il Pokémon - Quiz n°774 - Statistics

Statistiche generali
  • Questo quiz è stato fatto 2 volte
  • Il punteggio medio è 10 su 10
Statistiche sulle risposte
Indizio Riposta % Corretto
Altezza 1,3 m; 1,4 m (Galar)
100%
Tasso di cattura 45 (11.9%)
100%
Sesso 50% ♂, 50% ♀
100%
Peso 54,5 kg; 56,8 kg (Galar)
100%
Abilità Antisuono; Filtro; Tecnico; Spiritovivo (Galar); Annullabarriere (Galar); Corpogelo (Galar)
100%
Tasso di allevamento Medio-Veloce
100%
Pokémon Mr. Mime
100%
Generazione Prima
100%
Stadio evoluzione Prima evoluzione
100%
Tipo Psico / Folletto; Ghiaccio / Psico (Galar)
100%
Nessun quiz corrispondente trovato
Distribuzione punteggi
Percentuale di utenti per punteggio
Percentile per numero di risposta
I tuoi punteggi nel tempo
Non hai fatto questo quiz